Research methodology and statistical techniques (Record no. 61671)

MARC details
000 -LEADER
fixed length control field 00639nam a22001697a 4500
005 - DATE AND TIME OF LATEST TRANSACTION
control field 20120130125317.0
008 - FIXED-LENGTH DATA ELEMENTS--GENERAL INFORMATION
fixed length control field 120130t xxu||||| |||| 00| 0 eng d
020 ## - INTERNATIONAL STANDARD BOOK NUMBER
International Standard Book Number 8171005012
Terms of availability 550.00
035 ## - SYSTEM CONTROL NUMBER
System control number B-159090
040 ## - CATALOGING SOURCE
Original cataloging agency DPL
Language of cataloging ENG
100 ## - MAIN ENTRY--PERSONAL NAME
Personal name Gupta, Santosh
9 (RLIN) 40378
245 ## - TITLE STATEMENT
Title Research methodology and statistical techniques
Statement of responsibility, etc by Santosh Gupta
260 ## - PUBLICATION, DISTRIBUTION, ETC. (IMPRINT)
Place of publication, distribution, etc New Delhi
Name of publisher, distributor, etc Deep and Deep Publications Pvt. Ltd.
300 ## - PHYSICAL DESCRIPTION
Extent ix, 510p.
Dimensions 22 cms.
942 ## - ADDED ENTRY ELEMENTS (KOHA)
Source of classification or shelving scheme Dewey Decimal Classification
Item type English Books
Classification part 001.42
Call number suffix GUP
Holdings
Withdrawn status Lost status Source of classification or shelving scheme Damaged status Not for loan Collection code Home library Current library Shelving location Date acquired Cost, normal purchase price Total Checkouts Total Renewals Full call number Barcode Date last seen Cost, replacement price Koha item type
    Dewey Decimal Classification     Non-fiction Sarojini Nagar Sarojini Nagar General Stacks 30/01/2012 550.00 2 1 001.42 GUP B-159090 24/02/2024 550.00 English Books

© Delhi Public Library
Hit Counter
free hit counter